000 00326pab a2200145 454500
008 180718b2001 xxu||||| |||| 00| 0 eng d
100 _aKhor, Martin
245 _aFacing up to globalisation
260 _c2001
300 _ap.68-72
362 _aMar-Apr
650 _aGlobalization
773 _aEncounter
909 _a50092
999 _c50092
_d50092